| 000 | 01295nam2a2200253 i 4500 | ||
|---|---|---|---|
| 001 | RU\NLR\BIBL_A\010521588 | ||
| 005 | 20240728200111.0 | ||
| 010 | _a9785906730251 | ||
| 021 |
_aRU _b2016-25232 _91611 |
||
| 021 |
_aRU _b2014-62809 _93819 |
||
| 035 | _a(NLR Aleph) 010521588 | ||
| 090 |
_a10216238 _c10216238 |
||
| 100 | _a20141031d2014 um y0rusy50 ca | ||
| 101 | 0 |
_aeng _arus |
|
| 102 | _aRU | ||
| 105 | _aac||z|||000zy | ||
| 200 | 0 |
_a2 _e[серии 9-14] |
|
| 210 | _d2014 | ||
| 215 |
_a77, [3] с. _cцв. ил., портр. _eПрил. Перевод сборника рассказов (15 сбр. с.) _e1 электрон. опт. диск (DVD-ROM) |
||
| 461 | 0 |
_1001RU\NLR\BIBL_A\010801599 _12000#$aTom and Keri$eсборник рассказов$e[пособие для изучения английского языка детьми 3-6 лет]$fКлэр Селби$v2 _1700#1$aСелби$bК.$gКлэр _910163243 _aСелби, К. _cМосква _d2014 _fКлэр Селби _nБилингва _oсборник рассказов : [пособие для изучения английского языка детьми 3-6 лет] _tTom and Keri _y9785906730145 _v2 |
|
| 942 | _cBOOK | ||
| 980 | _aNBR | ||